Commentary on MARPOL: Consolidated edition. Volume A (Record no. 469)

000 -LEADER
fixed length control field 00370 a2200121 4500
008 - FIXED-LENGTH DATA ELEMENTS--GENERAL INFORMATION
fixed length control field 221017b ||||| |||| 00| 0 eng d
082 00 - DEWEY DECIMAL CLASSIFICATION NUMBER
Classification number 344.0463
Item number B5752
245 ## - TITLE STATEMENT
Title Commentary on MARPOL: Consolidated edition. Volume A
260 ## - PUBLICATION, DISTRIBUTION, ETC. (IMPRINT)
Place of publication, distribution, etc Mumbai:
Name of publisher, distributor, etc Bhandarkar Publication,
Date of publication, distribution, etc 2016.
300 ## - PHYSICAL DESCRIPTION
Extent A 124+ 173 p.
650 #0 - SUBJECT ADDED ENTRY--TOPICAL TERM
Topical term or geographic name as entry element Marine pollution - Law and legislation
942 ## - ADDED ENTRY ELEMENTS (KOHA)
Source of classification or shelving scheme
Item type Books
Holdings
Withdrawn status Lost status Source of classification or shelving scheme Damaged status Not for loan Permanent location Current location Date acquired Source of acquisition Cost, normal purchase price Total Checkouts Total Renewals Full call number Barcode Date last seen Date last borrowed Cost, replacement price Koha item type
          IMU Kolkata IMU Kolkata 2017-05-04 Sterling Book House 1280.00 1 1 344.0463 B5752 12534 2024-03-14 2024-02-06 1600.00 Books
          IMU Kolkata IMU Kolkata 2017-05-04 Sterling Book House 1280.00     344.0463 B5752 12536 2019-10-14   1600.00 Books
          IMU Kolkata IMU Kolkata 2017-05-04 Sterling Book House 1280.00     344.0463 B5752 12538 2019-10-14   1600.00 Books
          IMU Kolkata IMU Kolkata 2017-05-04 Sterling Book House 1280.00     344.0463 B5752 12540 2019-10-14   1600.00 Books
          IMU Kolkata IMU Kolkata 2017-05-04 Sterling Book House 1280.00     344.0463 B5752 12542 2019-10-14   1600.00 Books
Designed and Maintained by IMU-KC Library, Kolkata Campus © Copyright All Rights Reserved

webs counters

Powered by Koha